[Event "6th EUR-ch (w)"]
[Site "Chisinau MDA"]
[Date "2005.06.13"]
[Round "3"]
[White "Bensdorp, Marlies"]
[Black "Muzicuk, Anna"]
[Result "1-0"]
[WhiteElo "2232"]
[BlackElo "2363"]
[EventDate "2005.06.10"]
[PlyCount "163"]

1.d4 c5 2.d5 e5 3.c4 d6 4.e4 Be7 5.Bd3 Bg5 6.Nc3 Bxc1 7.Qxc1 Nh6 8.Nf3 O-O
9.Qd2 Bg4 10.Ng1 Bd7 11.Nge2 f5 12.exf5 Bxf5 13.Ng3 Nd7 14.O-O Qe7 15.b3 
a6 16.Rae1 Bxd3 17.Qxd3 Rf4 18.Re4 Raf8 19.f3 g6 20.Rfe1 Qg7 21.Qd2 Nf7 
22.Nce2 Rxe4 23.Nxe4 b6 24.N2c3 g5 25.a4 Rb8 26.g4 Nf6 27.Ng3 Nh6 28.Kg2 
Rf8 29.Rh1 e4 30.Ncxe4 Nxe4 31.Nxe4 Nf7 32.Rf1 Re8 33.Re1 Kh8 34.Re2 h6 
35.Qb2 Qxb2 36.Rxb2 Rd8 37.Re2 Rb8 38.Ng3 b5 39.axb5 axb5 40.Nf5 bxc4 41.
bxc4 Rb4 42.Re8+ Kh7 43.Re7 Kg8 44.Kg3 Kf8 45.Re4 Ra4 46.h4 Ra3 47.Re6 
gxh4+ 48.Nxh4 Rc3 49.Nf5 Ng5 50.Rxh6 Rxf3+ 51.Kg2 Rc3 52.Nxd6 Kg7 53.Nf5+ 
Kf7 54.Rc6 Ne4 55.Nh6+ Kg7 56.Nf5+ Kf7 57.Rc7+ Kf6 58.d6 Rd3 59.d7 Kg5 60.
Ne3 Rd6 61.Kf3 Nf6 62.Rxc5+ Kg6 63.Nd5 Nxd7 64.Nf4+ Kg7 65.Rg5+ Kf7 66.
Rf5+ Kg7 67.g5 Rc6 68.Rb5 Kf8 69.Rd5 Nb6 70.Rd8+ Kg7 71.c5 Na4 72.Rd7+ Kf8
73.Rd5 Ke7 74.Re5+ Kf8 75.Ne6+ Kg8 76.Kg4 Rc8 77.g6 Rc6 78.Kf5 Rc8 79.Kf6 
Rc6 80.Rh5 Nc3 81.g7 Ne4+ 82.Ke7 1-0

[Event "6th EUR-ch (w)"]
[Site "Chisinau MDA"]
[Date "2005.06.13"]
[Round "3"]
[White "Burtasova, Anna"]
[Black "Demina, Yulia"]
[Result "0-1"]
[WhiteElo "2223"]
[BlackElo "2346"]
[EventDate "2005.06.10"]
[PlyCount "50"]

1.e4 c5 2.c3 d5 3.exd5 Qxd5 4.d4 Nf6 5.Nf3 Bg4 6.dxc5 Qxc5 7.h3 Bh5 8.Na3 
a6 9.Be3 Qc7 10.Qa4+ Nbd7 11.O-O-O e6 12.g4 Bg6 13.Bf4 Qc8 14.Ne5 b5 15.
Qa5 Be4 16.g5 Nxe5 17.Bxe5 Nd7 18.Rxd7 Qxd7 19.Rg1 Bd6 20.Bg2 Bxg2 21.Rd1 
Bd5 22.Bxd6 Qxd6 23.Nxb5 Qf4+ 24.Kb1 axb5 25.Qxb5+ Kf8 0-1

[Event "6th EUR-ch (w)"]
[Site "Chisinau MDA"]
[Date "2005.06.13"]
[Round "3"]
[White "Houska, Jovanka"]
[Black "Koskoska, Gabriela"]
[Result "1-0"]
[WhiteElo "2334"]
[BlackElo "2230"]
[EventDate "2005.06.10"]
[PlyCount "53"]

1.e4 c5 2.Nf3 e6 3.d4 cxd4 4.Nxd4 a6 5.Nc3 b5 6.Bd3 Qb6 7.Nf3 Nc6 8.O-O 
Nf6 9.Qe2 Qb8 10.e5 Ng4 11.Bf4 d6 12.exd6 Bxd6 13.Bxd6 Qxd6 14.Rad1 Qb8 
15.Nxb5 axb5 16.Bxb5 O-O 17.Bxc6 Rxa2 18.Qc4 Ra6 19.b4 h5 20.h3 Ne5 21.
Nxe5 Qxe5 22.b5 Ra3 23.Rd4 Qf6 24.Qc5 Ra2 25.Rfd1 e5 26.Qxf8+ Kxf8 27.Rd8+
1-0

[Event "6th EUR-ch (w)"]
[Site "Chisinau MDA"]
[Date "2005.06.13"]
[Round "3"]
[White "Srebrnic, Ana"]
[Black "Milliet, Sophie"]
[Result "1-0"]
[WhiteElo "2221"]
[BlackElo "2319"]
[EventDate "2005.06.10"]
[PlyCount "59"]

1.d4 d5 2.Nf3 Nf6 3.c4 c6 4.Qc2 dxc4 5.Qxc4 Bf5 6.g3 e6 7.Bg2 Nbd7 8.Nc3 
Be7 9.O-O O-O 10.Bf4 Rc8 11.a4 c5 12.a5 cxd4 13.Qxd4 Bc5 14.Qa4 Nd5 15.
Nxd5 exd5 16.b4 Be7 17.Nd4 Bg4 18.Rac1 Bf6 19.h3 Bh5 20.Nf5 Rxc1 21.Rxc1 
Be5 22.Be3 Re8 23.Bxa7 Bg6 24.Ne3 Nf6 25.Nxd5 Nxd5 26.Bxd5 Bb2 27.Rd1 Qe7 
28.Bf3 Rc8 29.Bc5 Qe6 30.Qd7 1-0

[Event "6th EUR-ch (w)"]
[Site "Chisinau MDA"]
[Date "2005.06.13"]
[Round "3"]
[White "Rudolf, Anna"]
[Black "Molchanova, Tatiana"]
[Result "1-0"]
[WhiteElo "2210"]
[BlackElo "2315"]
[EventDate "2005.06.10"]
[PlyCount "125"]

1.e4 c5 2.Nf3 Nc6 3.d4 cxd4 4.Nxd4 g6 5.c4 Bg7 6.Be3 Nf6 7.Nc3 Ng4 8.Qxg4 
Nxd4 9.Qd1 Ne6 10.Be2 Qa5 11.O-O Bxc3 12.bxc3 Qxc3 13.Rc1 Qe5 14.Qd5 Qxd5 
15.cxd5 Ng7 16.Bxa7 O-O 17.Bb6 Rxa2 18.Bb5 Rb2 19.Rb1 Rxb1 20.Rxb1 d6 21.
Rc1 e6 22.Bc7 exd5 23.Bxd6 Be6 24.Bxf8 Kxf8 25.exd5 Bxd5 26.Rc5 Be6 27.Rc7
Bd5 28.Rd7 Bc6 29.Bxc6 bxc6 30.Rc7 Ne6 31.Rxc6 h5 32.h4 Kg7 33.Ra6 Nd4 34.
Kf1 Ne6 35.Ke2 Nd4+ 36.Kd3 Ne6 37.Ke3 Nc7 38.Rc6 Nd5+ 39.Ke4 Nf6+ 40.Kd4 
Ng4 41.f3 Nh6 42.Rc5 Kf6 43.Ke4 Kg7 44.Kf4 Ng8 45.g4 hxg4 46.fxg4 Nf6 47.
Rc6 Nd5+ 48.Ke5 Ne3 49.g5 Ng4+ 50.Kf4 f5 51.Rc7+ Kf8 52.h5 gxh5 53.Kxf5 
Ne3+ 54.Ke6 h4 55.Rc3 Nd1 56.Rd3 Nb2 57.Rb3 Nc4 58.Kf6 Nd6 59.Rb8+ Ne8+ 
60.Ke6 h3 61.Kd7 h2 62.Rxe8+ Kg7 63.Re1 1-0

[Event "6th EUR-ch (w)"]
[Site "Chisinau MDA"]
[Date "2005.06.13"]
[Round "3"]
[White "Purtseladze, Maka"]
[Black "Alexanian, Nelli"]
[Result "1/2-1/2"]
[WhiteElo "2311"]
[BlackElo "2211"]
[EventDate "2005.06.10"]
[PlyCount "96"]

1.d4 Nf6 2.c4 c5 3.d5 b5 4.cxb5 a6 5.bxa6 g6 6.Nc3 Bxa6 7.g3 d6 8.Bg2 Bg7 
9.Nf3 O-O 10.O-O Nbd7 11.Rb1 Ne8 12.Qc2 Nc7 13.Rd1 Nb5 14.Nxb5 Bxb5 15.b3 
c4 16.Nd4 cxb3 17.axb3 Bxd4 18.Rxd4 Qa5 19.Bb2 Nf6 20.Ra1 Qb6 21.Rdd1 Rac8
22.Qd2 Bd7 23.Ra3 Ra8 24.Rda1 Rxa3 25.Rxa3 Rc8 26.h3 Bf5 27.g4 Bc2 28.g5 
Nd7 29.Bd4 Qb5 30.Bc3 Bxb3 31.Qd4 f6 32.gxf6 Nxf6 33.Ra7 Qxe2 34.Rb7 Rc4 
35.Qd2 Qxd2 36.Bxd2 Rd4 37.Bc3 Rd1+ 38.Kh2 Bxd5 39.Rxe7 Nh5 40.Re8+ Kf7 
41.Rh8 Bxg2 42.Rxh7+ Ke6 43.Kxg2 d5 44.Rh8 Rd3 45.Ba5 Nf4+ 46.Kh2 d4 47.
Bc7 Nd5 48.Bg3 Nf6 1/2-1/2

[Event "6th EUR-ch (w)"]
[Site "Chisinau MDA"]
[Date "2005.06.13"]
[Round "3"]
[White "Rohonyan, Kateryna"]
[Black "Foisor, Sabina-Francesca"]
[Result "1/2-1/2"]
[WhiteElo "2309"]
[BlackElo "2210"]
[EventDate "2005.06.10"]
[PlyCount "79"]

1.c4 c5 2.Nc3 Nc6 3.g3 g6 4.Bg2 Bg7 5.Nf3 e6 6.O-O Nge7 7.b3 d5 8.cxd5 
exd5 9.Bb2 O-O 10.Na4 Bxb2 11.Nxb2 d4 12.Ne1 Be6 13.Ned3 b6 14.b4 cxb4 15.
Qa4 Qd6 16.Rfc1 Rac8 17.Qa6 Qd7 18.Nf4 Nd5 19.Nxd5 Bxd5 20.Bxd5 Qxd5 21.
Nd3 Qe6 22.Nf4 Qf5 23.Qa4 b5 24.Qa6 Ne5 25.Qxa7 d3 26.Nxd3 Nxd3 27.exd3 
Qxd3 28.Qe3 Rxc1+ 29.Rxc1 Rd8 30.Qxd3 Rxd3 31.Rc2 b3 32.axb3 Rxb3 33.Kf1 
Kf8 34.Rc7 Kg7 35.Rc6 Kf8 36.Ke2 Ke7 37.h4 h5 38.d3 b4 39.Ke3 Rb1 40.Rb6 
1/2-1/2

[Event "6th EUR-ch (w)"]
[Site "Chisinau MDA"]
[Date "2005.06.13"]
[Round "3"]
[White "Nebolsina, Vera"]
[Black "Partac, Elena"]
[Result "1-0"]
[WhiteElo "2302"]
[BlackElo "2190"]
[EventDate "2005.06.10"]
[PlyCount "57"]

1.d4 Nf6 2.Nf3 e6 3.c4 Bb4+ 4.Bd2 c5 5.Bxb4 cxb4 6.a3 bxa3 7.Rxa3 O-O 8.
Nc3 d6 9.e3 Nc6 10.Be2 e5 11.O-O h6 12.Qb1 Bg4 13.Rd1 Qe7 14.h3 Bh5 15.d5 
Bg6 16.Qa1 Nb4 17.Rxa7 Rac8 18.Qa5 Na6 19.Qxa6 bxa6 20.Rxe7 Rb8 21.Rd2 
Rfc8 22.Ra7 Rb6 23.Nh4 Bh7 24.c5 dxc5 25.Rxa6 Rb4 26.Nf3 e4 27.Ne5 Bf5 28.
Nc6 Rb7 29.d6 1-0

[Event "6th EUR-ch (w)"]
[Site "Chisinau MDA"]
[Date "2005.06.13"]
[Round "3"]
[White "Baskite, Viktoria"]
[Black "Malysheva, Polina"]
[Result "1/2-1/2"]
[WhiteElo "2205"]
[BlackElo "2301"]
[EventDate "2005.06.10"]
[PlyCount "127"]

1.d4 d5 2.c4 e6 3.Nc3 c5 4.cxd5 exd5 5.Nf3 Nc6 6.dxc5 d4 7.Na4 Bxc5 8.Nxc5
Qa5+ 9.Qd2 Qxc5 10.e3 dxe3 11.Qxe3+ Qxe3+ 12.Bxe3 Nge7 13.Bc4 O-O 14.O-O 
Bg4 15.Bc5 Rfd8 16.Bxe7 Nxe7 17.Bxf7+ Kf8 18.Ne5 Be2 19.Rfe1 Rd2 20.Bc4 
Bh5 21.g4 Bg6 22.b3 Nc6 23.Nxc6 bxc6 24.Re6 Rad8 25.Rae1 Bf7 26.Rxc6 Bxc4 
27.Rxc4 Rxa2 28.Rf4+ Kg8 29.Re7 Rf8 30.Rxf8+ Kxf8 31.Rb7 a5 32.Ra7 Ra3 33.
Kg2 Rxb3 34.Rxa5 Kf7 35.h4 h6 36.f3 Rb6 37.Kg3 Rb4 38.h5 Kf6 39.Rf5+ Ke6 
40.Rf4 Rb6 41.Kh4 Rb1 42.Re4+ Kf6 43.Kg3 Rb6 44.Ra4 Rc6 45.Kf4 Rc5 46.Ra6+
Ke7 47.Ke4 Rb5 48.Rg6 Kf7 49.Rd6 Ke7 50.Rd5 Rb3 51.f4 Ke6 52.Re5+ Kf6 53.
Rc5 Rb4+ 54.Ke3 Rb3+ 55.Kd4 Rg3 56.Rc6+ Kf7 57.Rg6 Ra3 58.f5 Ra5 59.Ke4 
Ra4+ 60.Ke5 Ra5+ 61.Kf4 Ra4+ 62.Kg3 Ra3+ 63.Kh4 Rf3 64.Ra6 1/2-1/2

[Event "6th EUR-ch (w)"]
[Site "Chisinau MDA"]
[Date "2005.06.13"]
[Round "3"]
[White "Bogza, Adina"]
[Black "Sarakauskiene, Zivile"]
[Result "1-0"]
[WhiteElo "2297"]
[BlackElo "2177"]
[EventDate "2005.06.10"]
[PlyCount "81"]

1.Nf3 d5 2.c4 dxc4 3.Qa4+ Nd7 4.Qxc4 a6 5.d4 e6 6.e4 b5 7.Qc6 Rb8 8.Bf4 
Bb4+ 9.Nbd2 Bb7 10.Qc2 Rc8 11.a4 c6 12.Be2 Nb6 13.Qb3 Qe7 14.a5 Na4 15.O-O
Bxa5 16.Nc4 Bb4 17.e5 Ba8 18.Nd6+ Bxd6 19.exd6 Qb7 20.Ng5 c5 21.Bf3 Qd7 
22.d5 c4 23.dxe6 fxe6 24.Qe3 Bxf3 25.Nxe6 Kf7 26.Ng5+ Kf8 27.Qxf3 Nh6 28.
Rfe1 Nf5 29.Ne6+ Kg8 30.Qd5 Ne7 31.Qd2 Ng6 32.Bg3 h5 33.Ng5 Rc5 34.h4 Rh6 
35.Qe3 Nf8 36.Rxa4 Rxg5 37.Qxg5 Ne6 38.Qe7 Qxe7 39.dxe7 Kf7 40.Rxa6 Kxe7 
41.Rb6 1-0

[Event "6th EUR-ch (w)"]
[Site "Chisinau MDA"]
[Date "2005.06.13"]
[Round "3"]
[White "Meshcheriakova, Evgenia"]
[Black "Nill, Jessica"]
[Result "0-1"]
[WhiteElo "2193"]
[BlackElo "2290"]
[EventDate "2005.06.10"]
[PlyCount "88"]

1.e4 c5 2.Nf3 e6 3.Nc3 Nc6 4.d4 cxd4 5.Nxd4 Qc7 6.Be3 a6 7.Be2 Nf6 8.O-O 
d6 9.f4 Be7 10.Qe1 O-O 11.Qg3 Bd7 12.Bd3 g6 13.a4 Nb4 14.a5 d5 15.e5 Nh5 
16.Qh3 f5 17.Nb3 Rac8 18.Bb6 Qb8 19.Qe3 Ng7 20.Rf2 h6 21.Kh1 g5 22.g3 Kh7 
23.Na2 gxf4 24.gxf4 d4 25.Nxd4 Nd5 26.Qg3 Nh5 27.Qg4 Nhxf4 28.Rxf4 Rg8 29.
Nxf5 Rxg4 30.Nd6+ Kh8 31.Nf7+ Kg7 32.Rxg4+ Kxf7 33.Rf1+ Bf6 34.exf6 Rg8 
35.Rxg8 Qxg8 36.Rg1 Qc8 37.Rg7+ Kxf6 38.Bd4+ e5 39.Rg6+ Kf7 40.Bxe5 Bf5 
41.Rg7+ Ke6 42.Bxf5+ Kxf5 43.Bc3 Qc4 44.Rf7+ Ke6 0-1

[Event "6th EUR-ch (w)"]
[Site "Chisinau MDA"]
[Date "2005.06.13"]
[Round "3"]
[White "Padurariu, Ioana-Smaranda"]
[Black "Schuurman, Petra"]
[Result "0-1"]
[WhiteElo "2153"]
[BlackElo "2288"]
[EventDate "2005.06.10"]
[PlyCount "94"]

1.d4 Nf6 2.Bg5 g6 3.Bxf6 exf6 4.c4 f5 5.Nc3 Bg7 6.g3 d6 7.Bg2 O-O 8.e3 Nd7
9.Nge2 Nf6 10.O-O c6 11.b4 Be6 12.Qd3 d5 13.c5 g5 14.f4 h6 15.Rab1 a6 16.
a4 Qe7 17.h3 Ne4 18.Rb2 Qf6 19.Rfb1 Qg6 20.Nxe4 fxe4 21.Qc2 Bd7 22.Qb3 Kh7
23.b5 axb5 24.axb5 Rg8 25.bxc6 Bxc6 26.Ra2 Raf8 27.Rf1 f5 28.Ra7 Rf7 29.
Rfa1 h5 30.Ra8 Rxa8 31.Rxa8 h4 32.gxh4 Qh5 33.Ra2 Qxh4 34.Qd1 Bh6 35.fxg5 
Bxg5 36.Qd2 Rg7 37.Kh1 Re7 38.Ra3 Qf2 39.h4 Qxh4+ 40.Kg1 Rg7 41.Ra1 Qh6 
42.Ra3 Bh4 43.Nf4 Bg3 44.Qe2 Qh2+ 45.Kf1 Bxf4 46.exf4 Qxf4+ 47.Kg1 Qc1+ 
0-1

[Event "6th EUR-ch (w)"]
[Site "Chisinau MDA"]
[Date "2005.06.13"]
[Round "3"]
[White "Mar, Karmen"]
[Black "Mamedyarova, Zeinab"]
[Result "0-1"]
[WhiteElo "2119"]
[BlackElo "2286"]
[EventDate "2005.06.10"]
[PlyCount "96"]

1.e4 g6 2.d4 Bg7 3.Nc3 d6 4.Be3 Nf6 5.Qd2 O-O 6.Bh6 c5 7.Bxg7 Kxg7 8.f4 
cxd4 9.Qxd4 Nc6 10.Qd2 Rb8 11.Nf3 Qa5 12.Bd3 Qc5 13.Na4 Qb4 14.Qxb4 Nxb4 
15.Kd2 b6 16.Nc3 Bb7 17.Rhg1 d5 18.exd5 Rfd8 19.g3 Nfxd5 20.Nxd5 Rxd5 21.
Ne5 f6 22.a3 fxe5 23.axb4 e4 24.Rge1 Rd7 25.Rxa7 exd3 26.cxd3 Rbd8 27.Kc2 
Kf7 28.Re5 Bc6 29.Ra3 Rd5 30.Re3 Ra8 31.Kc3 Rxa3+ 32.bxa3 Ba4 33.Re4 Rd8 
34.Re2 Rc8+ 35.Kb2 Bd7 36.Re4 Bf5 37.Re3 Rc6 38.a4 Re6 39.Rxe6 Kxe6 40.Kc3
Kd5 41.a5 bxa5 42.bxa5 Bc8 43.Kb4 Ba6 44.Kc3 Bb5 45.g4 Ba6 46.h4 e6 47.h5 
gxh5 48.gxh5 h6 0-1

[Event "6th EUR-ch (w)"]
[Site "Chisinau MDA"]
[Date "2005.06.13"]
[Round "3"]
[White "Lazo, Xenia"]
[Black "Makropoulou, Marina"]
[Result "1-0"]
[WhiteElo "2001"]
[BlackElo "2285"]
[EventDate "2005.06.10"]
[PlyCount "69"]

1.d4 g6 2.c4 Bg7 3.Nc3 c5 4.d5 Bxc3+ 5.bxc3 f5 6.Qa4 Nf6 7.Nf3 O-O 8.g3 d6
9.Bg2 Nbd7 10.O-O Ne5 11.Nd2 Kg7 12.Re1 Bd7 13.Qa3 h5 14.f4 Nf7 15.h4 b6 
16.Qb2 Qc7 17.e4 fxe4 18.Nxe4 Rae8 19.Be3 Qc8 20.Ng5 Nxg5 21.fxg5 Ng4 22.
Bf4 Qa6 23.Bf1 Qa4 24.Qb3 Qa6 25.a4 Rf7 26.Qc2 e5 27.dxe6 Rxe6 28.Rxe6 
Bxe6 29.Qe2 Qc8 30.Rd1 Bd7 31.Rxd6 Qe8 32.Qd2 Bf5 33.Rd8 Qxa4 34.Qd6 Rd7 
35.Qf8+ 1-0

[Event "6th EUR-ch (w)"]
[Site "Chisinau MDA"]
[Date "2005.06.13"]
[Round "3"]
[White "Ptacnikova, Lenka"]
[Black "Cicariova, Elena"]
[Result "1-0"]
[WhiteElo "2277"]
[BlackElo "2081"]
[EventDate "2005.06.10"]
[PlyCount "67"]

1.c4 e5 2.g3 Nf6 3.Bg2 c6 4.d4 exd4 5.Qxd4 Be7 6.Nf3 d5 7.cxd5 cxd5 8.O-O 
Nc6 9.Qa4 O-O 10.Nc3 h6 11.Rd1 Be6 12.Be3 Qc8 13.Rac1 Rd8 14.Nd4 Nxd4 15.
Bxd4 Qb8 16.Qb3 Ne4 17.Nb5 Bd6 18.Qe3 a6 19.Nxd6 Nxd6 20.Qe5 Ne8 21.Qxb8 
Raxb8 22.Be5 Ra8 23.Rd2 f6 24.Bc3 Rac8 25.Rcd1 Nc7 26.Ba5 Rd7 27.Rc1 Kf7 
28.Rdc2 b6 29.Bxb6 Na8 30.Rxc8 Nxb6 31.R8c7 Ke7 32.R1c6 Rxc7 33.Rxc7+ Bd7 
34.Rb7 1-0

[Event "6th EUR-ch (w)"]
[Site "Chisinau MDA"]
[Date "2005.06.13"]
[Round "3"]
[White "Vartic, Irina"]
[Black "Eidelson, Rakhil"]
[Result "1/2-1/2"]
[WhiteElo "1948"]
[BlackElo "2268"]
[EventDate "2005.06.10"]
[PlyCount "56"]

1.e4 e6 2.d4 d5 3.Nd2 Nf6 4.e5 Ne4 5.Nxe4 dxe4 6.c3 c5 7.Bb5+ Nc6 8.Ne2 
Bd7 9.Bxc6 Bxc6 10.O-O Qh4 11.Be3 Be7 12.Qd2 g5 13.dxc5 Bb5 14.Rfe1 Qh5 
15.Ng3 Qg6 16.Bd4 Bc6 17.Qe3 h5 18.Nxe4 g4 19.Qf4 O-O-O 20.Nd6+ Rxd6 21.
exd6 Bg5 22.Qe5 Re8 23.d7+ Bxd7 24.c6 Bxc6 25.Bxa7 Qf5 26.Qxf5 exf5 27.
Rxe8+ Bxe8 28.Re1 Bd7 1/2-1/2

[Event "6th EUR-ch (w)"]
[Site "Chisinau MDA"]
[Date "2005.06.13"]
[Round "3"]
[White "Andriasian, Siranush"]
[Black "Bulmaga, Irina"]
[Result "1-0"]
[WhiteElo "2263"]
[BlackElo "2046"]
[EventDate "2005.06.10"]
[PlyCount "109"]

1.e4 c6 2.d4 d5 3.Nc3 dxe4 4.Nxe4 Bf5 5.Ng3 Bg6 6.h4 h6 7.Nh3 e6 8.Nf4 Bh7
9.Bc4 Nf6 10.c3 Bd6 11.Nfh5 O-O 12.Bg5 Nbd7 13.Qf3 Be7 14.Be3 Nxh5 15.Nxh5
Nf6 16.O-O-O Nxh5 17.Qxh5 Bg6 18.Qg4 Bf5 19.Qf3 b5 20.g4 Bg6 21.Bd3 Bxd3 
22.Rxd3 Bxh4 23.Qxc6 b4 24.Qe4 bxc3 25.Rxc3 Be7 26.Kb1 Rc8 27.Bxh6 Qd5 28.
Qxd5 exd5 29.Bf4 Rxc3 30.bxc3 Bf6 31.Kc2 Re8 32.Be3 Re4 33.Rg1 Bh4 34.Kd3 
Re6 35.Rb1 Ra6 36.Rb2 Ra4 37.Kc2 Kf8 38.Rb8+ Ke7 39.Kb3 Ra6 40.g5 f6 41.
Rb7+ Kf8 42.g6 Bg5 43.Rf7+ Kg8 44.Rd7 Kf8 45.Rxd5 Bxe3 46.fxe3 Ke7 47.c4 
Re6 48.Ra5 a6 49.Kb4 Rxe3 50.Rxa6 f5 51.c5 f4 52.Ra7+ Ke6 53.Rxg7 Rg3 54.
c6 Kd6 55.c7 1-0

[Event "6th EUR-ch (w)"]
[Site "Chisinau MDA"]
[Date "2005.06.13"]
[Round "3"]
[White "Babei, Angelica"]
[Black "Chulivska, Vita"]
[Result "0-1"]
[WhiteElo "1843"]
[BlackElo "2262"]
[EventDate "2005.06.10"]
[PlyCount "100"]

1.e4 c5 2.Nc3 d6 3.g3 Nc6 4.Bg2 g6 5.f4 Bg7 6.d3 e6 7.Nf3 Nge7 8.O-O O-O 
9.Ne2 b6 10.c3 Bb7 11.Be3 Qd7 12.d4 Rad8 13.g4 f5 14.exf5 exf5 15.d5 Nb8 
16.Ng5 Rfe8 17.Ne6 Nxd5 18.Bxd5 Rxe6 19.Bxe6+ Qxe6 20.Qd2 Re8 21.Ng3 Qxe3+
22.Qxe3 Rxe3 23.gxf5 Nd7 24.Rae1 Rxe1 25.Rxe1 Kf7 26.fxg6+ hxg6 27.h4 Bh6 
28.f5 Ne5 29.fxg6+ Kxg6 30.Kf1 Bf4 31.h5+ Kg5 32.Ne4+ Kxh5 33.Nxd6 Ba6+ 
34.Kg2 Nd3 35.Re6 Bxd6 36.Rxd6 Nxb2 37.Rd7 Bc4 38.Rxa7 Nd1 39.Ra3 Kg4 40.
Ra4 b5 41.Ra7 Nxc3 42.a3 Kf4 43.Rc7 Na4 44.Rc8 Ke3 45.Rd8 Bd3 46.Rb8 Kd2 
47.Kf2 c4 48.Rxb5 c3 49.Rb8 c2 50.Rc8 Nc3 0-1

[Event "6th EUR-ch (w)"]
[Site "Chisinau MDA"]
[Date "2005.06.13"]
[Round "3"]
[White "Cherednichenko, Svetlana"]
[Black "Slavina, Irina"]
[Result "0-1"]
[WhiteElo "2230"]
[BlackElo "2415"]
[EventDate "2005.06.10"]
[PlyCount "48"]

1.d4 Nf6 2.c4 e6 3.Nf3 Bb4+ 4.Nc3 c5 5.e3 d5 6.a3 Bxc3+ 7.bxc3 O-O 8.Bd3 
dxc4 9.Bxc4 Qc7 10.Qd3 Nc6 11.O-O e5 12.e4 cxd4 13.cxd4 exd4 14.Bb2 Rd8 
15.Rac1 Qf4 16.Rce1 Ng4 17.g3 Qf6 18.Nd2 Nge5 19.Qc2 Nxc4 20.Nxc4 Bh3 21.
f4 Bxf1 22.Kxf1 Rac8 23.e5 Nxe5 24.Rxe5 Qc6 0-1

[Event "6th EUR-ch (w)"]
[Site "Chisinau MDA"]
[Date "2005.06.13"]
[Round "3"]
[White "Olarasu, Gabriela"]
[Black "Mamedyarova, Turkan"]
[Result "1/2-1/2"]
[WhiteElo "2353"]
[BlackElo "2221"]
[EventDate "2005.06.10"]
[PlyCount "116"]

1.d4 d5 2.c4 e6 3.Nc3 c5 4.cxd5 exd5 5.Nf3 Nc6 6.g3 Nf6 7.Bg2 Be7 8.O-O 
O-O 9.Bg5 cxd4 10.Nxd4 Qb6 11.Nxc6 bxc6 12.Na4 Qb5 13.Rc1 Be6 14.b3 Rac8 
15.Qd3 Rfd8 16.Rfd1 h6 17.Bxf6 Bxf6 18.Nc5 Qxd3 19.Rxd3 Bf5 20.Rd2 Bg5 21.
f4 Bf6 22.e3 g5 23.Nb7 Rd7 24.Na5 gxf4 25.gxf4 Rdc7 26.b4 Kh7 27.a3 h5 28.
Bf1 Re7 29.Bd3 Rg8+ 30.Kf1 Bxd3+ 31.Rxd3 d4 32.Nxc6 Re4 33.Nxd4 Bxd4 34.
Rc4 Rxe3 35.Rcxd4 Rge8 36.Rxe3 Rxe3 37.a4 Ra3 38.a5 Kg6 39.Rd6+ f6 40.Kg2 
Kf5 41.a6 Ra4 42.b5 Ra5 43.Rd5+ Kxf4 44.Rxh5 f5 45.Rh4+ Ke3 46.Rb4 f4 47.
Rb3+ Ke4 48.Rb2 Ke3 49.h4 Ra1 50.Rb3+ Ke4 51.h5 Ra2+ 52.Kg1 Ra1+ 53.Kf2 
Ra2+ 54.Ke1 f3 55.h6 Ra1+ 56.Kf2 Ra2+ 57.Kg1 Ra1+ 58.Kf2 Ra2+ 1/2-1/2

[Event "6th EUR-ch (w)"]
[Site "Chisinau MDA"]
[Date "2005.06.13"]
[Round "3"]
[White "Goreskul, Alyona"]
[Black "Tsoganova, Monika"]
[Result "1-0"]
[WhiteElo "2323"]
[BlackElo "2211"]
[EventDate "2005.06.10"]
[PlyCount "121"]

1.e4 c5 2.c3 d5 3.exd5 Qxd5 4.d4 g6 5.dxc5 Qxd1+ 6.Kxd1 Nf6 7.Bb5+ Bd7 8.
Bxd7+ Nbxd7 9.b4 Bg7 10.Kc2 O-O 11.Nf3 Rfc8 12.Re1 Nd5 13.Bb2 b6 14.Nbd2 
bxc5 15.b5 Rcb8 16.a4 a6 17.Reb1 axb5 18.axb5 Rxa1 19.Bxa1 N7b6 20.c4 Nf4 
21.g3 Nh3 22.Bxg7 Kxg7 23.Ne5 Ra8 24.Nd3 f6 25.Nxc5 Nxf2 26.Re1 e5 27.Na6 
Rc8 28.c5 Nd7 29.c6 Nb6 30.Re2 Ng4 31.Ne4 f5 32.Nd6 Rd8 33.Nb7 Re8 34.Kb3 
e4 35.Nac5 Nf6 36.Nd6 Re5 37.Ncb7 Nfd5 38.Nc4 Nxc4 39.Kxc4 Nb6+ 40.Kb4 g5 
41.Nd6 e3 42.Ka5 Nd5 43.b6 Ne7+ 44.Ka6 Nxc6 45.Rxe3 Rxe3 46.Nxf5+ Kf6 47.
Nxe3 Ke5 48.Kb7 Kd6 49.Kc8 Ne7+ 50.Kd8 Nc6+ 51.Ke8 h5 52.Kf7 Ne5+ 53.Kf6 
Nf3 54.h3 Kc6 55.Nc4 h4 56.g4 Kb7 57.Kf5 Ka6 58.Ne5 Ng1 59.Kxg5 Nxh3+ 60.
Kxh4 Nf4 61.Nc4 1-0

[Event "6th EUR-ch (w)"]
[Site "Chisinau MDA"]
[Date "2005.06.13"]
[Round "3"]
[White "Sirotkina, Nina"]
[Black "Smochina, Carolina"]
[Result "0-1"]
[WhiteElo "2206"]
[BlackElo "2307"]
[EventDate "2005.06.10"]
[PlyCount "77"]

1.d4 Nf6 2.c4 g6 3.Nf3 Bg7 4.g3 O-O 5.Bg2 d6 6.O-O c6 7.Nc3 Qa5 8.Qc2 Qh5 
9.b3 Bh3 10.Ba3 Ng4 11.Rfd1 Nd7 12.Nh4 Bxg2 13.Kxg2 Qa5 14.Qc1 f5 15.h3 
Ngf6 16.Nf3 h6 17.Rd3 Ne4 18.Re3 Nxc3 19.Rxc3 c5 20.Rd3 b6 21.dxc5 bxc5 
22.Bb2 Nf6 23.Qe3 Qc7 24.Qe6+ Kh7 25.Re3 Rae8 26.Rd1 f4 27.Red3 Qd7 28.
Qxd7 Nxd7 29.Bxg7 Kxg7 30.g4 g5 31.h4 gxh4 32.Rh1 Rf6 33.Rd5 Rg6 34.Kh3 
Nf6 35.Nxh4 Nxg4 36.Rf5 e5 37.Re1 Ree6 38.e3 fxe3 39.fxe3 0-1

[Event "6th EUR-ch (w)"]
[Site "Chisinau MDA"]
[Date "2005.06.13"]
[Round "3"]
[White "Stiri, Alexandra"]
[Black "Melnikova, Yana"]
[Result "0-1"]
[WhiteElo "2181"]
[BlackElo "2301"]
[EventDate "2005.06.10"]
[PlyCount "62"]

1.e4 c5 2.Nf3 d6 3.d4 cxd4 4.Nxd4 Nf6 5.Nc3 a6 6.f3 e5 7.Nb3 Be6 8.Be3 Be7
9.Qd2 O-O 10.O-O-O Qc7 11.g4 Rc8 12.Kb1 Nbd7 13.g5 Nh5 14.Rg1 g6 15.Nd5 
Bxd5 16.exd5 a5 17.Bh3 a4 18.Nc1 a3 19.b3 Bf8 20.Ne2 Bg7 21.Bg4 Nf4 22.
Nxf4 exf4 23.Bxf4 Nb6 24.Bxc8 Na4 25.c4 Nc3+ 26.Kc2 b5 27.Bh3 bxc4 28.b4 
Nxa2 29.Rb1 Qa7 30.Qd1 Nc3 31.Ra1 Qa4+ 0-1

[Event "6th EUR-ch (w)"]
[Site "Chisinau MDA"]
[Date "2005.06.13"]
[Round "3"]
[White "Ankerst, Milka"]
[Black "Guseva, Marina"]
[Result "0-1"]
[WhiteElo "2124"]
[BlackElo "2264"]
[EventDate "2005.06.10"]
[PlyCount "101"]

1.e4 c5 2.Nf3 e6 3.d4 cxd4 4.Nxd4 Nc6 5.Nxc6 bxc6 6.Bd3 d5 7.O-O Nf6 8.Nd2
Be7 9.c4 O-O 10.e5 Nd7 11.Re1 Bb7 12.Qh5 g6 13.Qh3 c5 14.Nf3 d4 15.Be4 Rb8
16.Qh6 Re8 17.Ng5 Nf8 18.h4 Bxe4 19.Nxe4 Nd7 20.Ng5 Nf8 21.h5 Qa5 22.Re4 
f5 23.hxg6 hxg6 24.Nxe6 Nxe6 25.Qxg6+ Ng7 26.Bh6 Bf8 27.Bxg7 Bxg7 28.Qxf5 
Qd8 29.b3 Qe7 30.e6 Rf8 31.Qh5 Rf6 32.Rae1 Rh6 33.Qe2 Rf8 34.b4 cxb4 35.
Qg4 Kh8 36.f4 d3 37.g3 Bf6 38.Rd1 Rg8 39.Qf3 Bh4 40.g4 Rxe6 41.Rxe6 Qxe6 
42.g5 Bxg5 43.fxg5 Rxg5+ 44.Kh2 Qh6+ 45.Qh3 Rh5 46.Rxd3 Qf4+ 47.Kg2 Rxh3 
48.Rxh3+ Kg7 49.Rg3+ Kh6 50.a3 Qxg3+ 51.Kxg3 0-1

[Event "6th EUR-ch (w)"]
[Site "Chisinau MDA"]
[Date "2005.06.13"]
[Round "3"]
[White "Zakurdyaeva, Irina"]
[Black "Golubenko, Valentina"]
[Result "1-0"]
[WhiteElo "2260"]
[BlackElo "2171"]
[EventDate "2005.06.10"]
[PlyCount "67"]

1.e4 c5 2.Nf3 d6 3.d4 cxd4 4.Nxd4 Nf6 5.Nc3 a6 6.Be3 e6 7.a4 Nc6 8.Bc4 Be7
9.Bb3 O-O 10.O-O Qc7 11.f4 Na5 12.Qe2 Bd7 13.f5 e5 14.Nf3 Nxb3 15.cxb3 Qa5
16.g4 Bc6 17.Nd2 d5 18.g5 Nxe4 19.Ncxe4 dxe4 20.Nc4 Qb4 21.f6 Bc5 22.fxg7 
Bxe3+ 23.Nxe3 Kxg7 24.Qf2 f5 25.gxf6+ Kh8 26.f7 Qd6 27.Kh1 Qg6 28.Rad1 h6 
29.h3 Kh7 30.Kh2 Qg5 31.Rd6 h5 32.Rg1 Qf4+ 33.Qxf4 exf4 34.Nf5 1-0

[Event "6th EUR-ch (w)"]
[Site "Chisinau MDA"]
[Date "2005.06.13"]
[Round "3"]
[White "Coimbra, Margarida"]
[Black "Fakhiridou, Ekaterini"]
[Result "0-1"]
[WhiteElo "2098"]
[BlackElo "2247"]
[EventDate "2005.06.10"]
[PlyCount "72"]

1.e4 c5 2.Nc3 Nc6 3.g3 g6 4.Bg2 Bg7 5.d3 d6 6.Be3 b6 7.Qd2 Bb7 8.Nge2 Qd7 
9.O-O Nd4 10.Rae1 e6 11.Nf4 Ne7 12.Nd1 O-O 13.c3 Ndc6 14.Ne2 Ne5 15.h3 Ba6
16.Nc1 Rac8 17.f4 N5c6 18.Ne2 d5 19.exd5 Nxd5 20.Nf2 Rcd8 21.Rd1 Bb7 22.
Ne4 h6 23.Kh2 f5 24.Nf2 Rfe8 25.Ng1 e5 26.Nf3 Nxe3 27.Qxe3 Qf7 28.Rfe1 Kh7
29.a3 Rd7 30.Qc1 Rde7 31.Nxe5 Nxe5 32.fxe5 Rxe5 33.Bxb7 Qxb7 34.Rxe5 Bxe5 
35.Qd2 Qf3 36.Nh1 Bxc3 0-1

[Event "6th EUR-ch (w)"]
[Site "Chisinau MDA"]
[Date "2005.06.13"]
[Round "3"]
[White "Mirzoeva, Elmira"]
[Black "Kalinina, Olga"]
[Result "1-0"]
[WhiteElo "2232"]
[BlackElo "2022"]
[EventDate "2005.06.10"]
[PlyCount "73"]

1.c4 e5 2.g3 Nc6 3.Bg2 g6 4.e3 Bg7 5.Ne2 f5 6.d3 Nf6 7.Nbc3 O-O 8.Rb1 d6 
9.O-O h6 10.b4 g5 11.b5 Ne7 12.f4 Rb8 13.a4 Be6 14.Ba3 Re8 15.Qd2 Ng6 16.
fxg5 hxg5 17.a5 Ne7 18.Nd5 Nfxd5 19.cxd5 Nxd5 20.e4 fxe4 21.dxe4 Nf6 22.
Qxg5 Ng4 23.Qg6 Ne3 24.Rf2 Nxg2 25.Kxg2 Qd7 26.Ng1 Bf7 27.Qg5 Bc4 28.Rf3 
Bd3 29.Rb4 d5 30.Qh5 dxe4 31.Rf5 e3 32.Rf7 Qd5+ 33.Kh3 Rf8 34.Rxc7 Rf2 35.
Rxg7+ Kxg7 36.Rg4+ Kf6 37.Qh6+ 1-0